TOP 50 Most Expensive Football Transfers of the 2020s - Statistics

General Stats
  • This quiz has been taken 401 times
    57 since last reset
  • The average score is 31 of 50
Answer Stats
Rank Fee Season Destination Player Name % Correct
1. €125.00m 25/26 Liverpool Florian Wirtz
98%
2. €121.00m 22/23 Chelsea Enzo Fernández
95%
4. €116.60m 23/24 Arsenal Declan Rice
93%
8. €100.00m 23/24 Bayern Munich Harry Kane
93%
5. €116.00m 23/24 Chelsea Moisés Caicedo
93%
3. €117.50m 21/22 Manchester City Jack Grealish
89%
7. €103.00m 23/24 Real Madrid Jude Bellingham
89%
37. €70.00m 22/23 Newcastle United Alexander Isak
86%
9. €95.00m 25/26 Liverpool Hugo Ekitiké
86%
22. €75.00m 25/26 Galatasaray Victor Osimhen
82%
28. €75.00m 20/21 Napoli Victor Osimhen
82%
11. €95.00m 22/23 Manchester United Antony
73%
20. €80.00m 20/21 Chelsea Kai Havertz
73%
26. €75.00m 23/24 Arsenal Kai Havertz
73%
32. €70.00m 25/26 Bayern Munich Luis Díaz
73%
13. €90.00m 23/24 Al-Hilal Neymar
73%
30. €71.60m 20/21 Manchester City Rúben Dias
73%
23. €75.00m 25/26 Manchester United Bryan Mbeumo
70%
6. €113.00m 21/22 Chelsea Romelu Lukaku
70%
15. €81.60m 21/22 Juventus Dušan Vlahović
68%
12. €90.00m 23/24 Manchester City Joško Gvardiol
68%
10. €95.00m 23/24 Paris Saint-Germain Randal Kolo Muani
68%
18. €80.00m 22/23 Real Madrid Aurélien Tchouaméni
66%
24. €75.00m 24/25 Atlético Madrid Julián Álvarez
66%
19. €80.00m 22/23 Liverpool Darwin Núñez
64%
27. €75.00m 23/24 Manchester United Rasmus Højlund
64%
14. €85.00m 21/22 Manchester United Jadon Sancho
61%
29. €74.20m 25/26 Manchester United Matheus Cunha
61%
33. €70.00m 25/26 Arsenal Martín Zubimendi
59%
41. €65.80m 25/26 Arsenal Viktor Gyökeres
59%
34. €70.00m 24/25 Paris Saint-Germain Khvicha Kvaratskhelia
57%
39. €68.00m 21/22 Paris Saint-Germain Achraf Hakimi
48%
31. €70.65m 22/23 Manchester United Casemiro
48%
40. €67.00m 22/23 Bayern Munich Matthijs de Ligt
48%
36. €70.00m 22/23 Chelsea Mykhaylo Mudryk
48%
25. €75.00m 24/25 Manchester City Omar Marmoush
48%
35. €70.00m 23/24 Liverpool Dominik Szoboszlai
45%
21. €77.00m 24/25 Al-Nassr Jhon Durán
45%
49. €62.50m 25/26 Real Madrid Dean Huijsen
43%
43. €65.00m 23/24 Paris Saint-Germain Gonçalo Ramos
43%
17. €80.40m 22/23 Chelsea Wesley Fofana
43%
45. €64.20m 23/24 Manchester United Mason Mount
41%
44. €64.30m 24/25 Tottenham Hotspur Dominic Solanke
39%
16. €80.60m 20/21 Juventus Arthur Melo
36%
48. €63.70m 25/26 Chelsea João Pedro
36%
42. €65.30m 22/23 Chelsea Marc Cucurella
36%
38. €68.25m 25/26 Al-Qadsiah Mateo Retegui
34%
46. €64.00m 23/24 Newcastle Sandro Tonali
30%
47. €63.80m 25/26 Tottenham Hotspur Mohammed Kudus
27%
50. €62.10m 23/24 Chelsea Roméo Lavia
25%
No matching quizzes found
Score Distribution
Percent of People with Each Score
Percentile by Number Answered
Your Score History
You have not taken this quiz since the last reset